000
00321nam a2200133Ia 4500
005
20260328104246.0
008
260328s9999||||xx |||||||||||||| ||und||
100
_a
Pérez Carmona, Rafael
245
0
_a
Desagues /
_c
Rafael Pérez Carmona
260
_b
Escala
300
_a
357 p.
650
_a
CONSTRUCCIÓN
942
_c
BK
999
_c
10088
_d
10088